000 00557nam a2200205Ia 4500
008 191130s2001##################000#0#eng##
020 _a9780441010646
022 _a2001409463
040 _aACL
_cACL
082 _a813.54 REY
100 _aReynolds, Alastair
245 _aChasm city
_cAlastair Reynolds
260 _aNew York
_bAce Books
_c2001
300 _a694 p. ; 18 cm
650 _aLife on other planets - Fiction
650 _aSpace colonies - Fiction
990 _a25a8de05ac10000c67e47372e7639075
991 _a278810
999 _c126994
_d126994